Kudowa Zdrój, Duszniki Zdrój, Polanica Zdrój
| Titel: | Kudowa Zdrój, Duszniki Zdrój, Polanica Zdrój : plany miast / Redaktor: Andrzej Kajoch ; Redaktor techchniczny: Barbara Sołoduszkiewicz |
|---|---|
| Beteiligt: | ; |
| Ausgabe: | Wydanie piąte |
| Maßstab: | circa 1:8 000-1:9 000 |
| Veröffentlicht: | Warszawa; Wrocław : Państwowe Przedsiębiorstwo Wydawnictw Kartograficznych im. Eugeniusza Romera, 1988 |
| Umfang: | 3 Karten auf 1 Blatt : farbig ; 44 x 26 cm und kleiner, auf Blatt 81 x 58 cm, gefaltet 21 x 12 cm |
| Format: | Karte |
| Sprache: | Polnisch; Englisch; Tschechisch; Deutsch; Russisch |
X
alg: 47752360 001A $03004:31-03-21 001B $03004:01-03-22 $t15:10:27.000 001D $03004:31-03-21 001U $0utf8 001X $00 002@ $0Kau 002C $akartografisches Bild $bcri $2rdacontent 002D $aohne Hilfsmittel zu benutzen $bn $2rdamedia 002E $aBlatt $bnb $2rdacarrier 003@ $0477523609 003O $01243964752 $aOCoLC 007A $0477523609 $aHEB 010@ $apol $aeng $acze $ager $arus 010E $erda 011@ $a1988 013D $RKarte $#Ortsplan $#Stadtatlas $#Stadtpläne $74129845-7 $8Stadtplan [Ts1] $9085456683 013D $RGrafische Darstellung $#Cartes $#Maps $#Plans $#Amtliche Karte Formschlagwort $#Landkarte $#Wandkarte Formschlagwort $#Wanderkarte Formschlagwort $#Straßenkarte Formschlagwort $#Weltkarte Formschlagwort $#Karten $#Landkarten $#Kartenmaterial $#Geografische Karte $74029783-4 $8Karte [Tsz] $9085078743 021A $aKudowa Zdrój, Duszniki Zdrój, Polanica Zdrój $dplany miast $hRedaktor: Andrzej Kajoch ; Redaktor techchniczny: Barbara Sołoduszkiewicz 028C $BMitwirkender $4ctb $7 $8Kajoch, Andrzej [Tnd] $9138725039 028C $BMitwirkender $4ctb $7 $8Sołoduszkiewicz, Barbara [Tnd] $9138948348 032@ $aWydanie piąte 033A $pWarszawa $pWrocław $nPaństwowe Przedsiębiorstwo Wydawnictw Kartograficznych im. Eugeniusza Romera 034D $a3 Karten auf 1 Blatt 034I $a44 x 26 cm und kleiner, auf Blatt 81 x 58 cm, gefaltet 21 x 12 cm 034M $afarbig 035E $acirca 1:8 000-1:9 000 037A $aNr. katal. 33-046-05 037A $aEnthält 2 Nebenkarten: Kudowa Słone, circa 1:24 000, 9 x13 cm; [Okolice Kłodzka],1:500 000, 12 x 13 cm 037A $aMit touristischen Informationen und Straßenverzeichnissen auf der Rückseite 037H $Aacx $dE 016 11 43 $eE 016 15 58 $fN 050 27 23 $gN 050 25 28 037H $Aacx $dE 016 21 26 $eE 016 24 11 $fN 050 24 41 $gN 050 22 46 037H $Aacx $dE 016 29 46 $eE 016 31 26 $fN 050 25 37 $gN 050 23 44 044K $RBad Kudowa $#Bad Kudowa $71096779-5 $8Kudowa Zdrój [Tg1] $9042323339 044K $RReinerz $#Duszniki-Zdrój $#Duezniki-Zdroj $#Reinerz Duszniki Zdrój $#Bad Reinerz Duszniki Zdrój $74103654-2 $8Duszniki Zdrój [Tg1] $9085303801 044K $RBad Altheide $RPowiat Kłodzki $RWoiwodschaft Niederschlesien $#Bad Altheide $#Starý Bor $72066401-1 $8Polanica-Zdrój [Tg1] $9043124577 045F $a910.943809048 $eDDC23BSB 045F/01 $a910 045F/03 $f09048 045F/03 $g438 045F/03 $g4385 046L $aLegende in Polnisch, Englisch, Tschechisch, Deutsch und Russisch lok: 47752360 24 exp: 47752360 24 1 #EPN 201B/01 $031-03-21 $t14:23:29.000 201C/01 $031-03-21 201U/01 $0utf8 203@/01 $01147770379 208@/01 $a31-03-21 $bz 209A/01 $aK 14 VIII K 57 $dd $f050 $hK 14 8 K 57 $x00 209C/01 $aK 2021.00107 R $h21 00107 R 220C/01 $awei 244Z/01 $a6801 !085146781!--Tg1--Schlesien $x01 247C/01 $8358050-7Marburg, Bibliothek des Herder-Instituts Marburg $9102600961
| LEADER | 00000cem a2200000 c 4500 | ||
|---|---|---|---|
| 001 | 477523609 | ||
| 003 | DE-603 | ||
| 005 | 20220301151027.0 | ||
| 007 | a||||||| | ||
| 008 | 210331s1988 xx |||||| a || | ||pol c | ||
| 034 | 0 | |a a |9 A:acx |d E 016 11 43 |e E 016 15 58 |f N 050 27 23 |g N 050 25 28 | |
| 034 | 0 | |a a |9 A:acx |d E 016 21 26 |e E 016 24 11 |f N 050 24 41 |g N 050 22 46 | |
| 034 | 0 | |a a |9 A:acx |d E 016 29 46 |e E 016 31 26 |f N 050 25 37 |g N 050 23 44 | |
| 035 | |a (DE-599)HEB477523609 | ||
| 035 | |a (OCoLC)1243964752 | ||
| 040 | |a DE-603 |b ger |c DE-603 |d DE-603 |e rda | ||
| 041 | |a pol |a eng |a cze |a ger |a rus | ||
| 082 | 0 | 4 | |8 1\u |a 910.943809048 |q DE-101 |2 23/BSB |
| 085 | |8 1\u |b 910 | ||
| 085 | |8 1\u |z 1 |s 09048 | ||
| 085 | |8 1\u |z 2 |s 438 | ||
| 085 | |8 1\u |z 2 |s 4385 | ||
| 245 | 0 | 0 | |a Kudowa Zdrój, Duszniki Zdrój, Polanica Zdrój |b plany miast |c Redaktor: Andrzej Kajoch ; Redaktor techchniczny: Barbara Sołoduszkiewicz |
| 250 | |a Wydanie piąte | ||
| 255 | |a circa 1:8 000-1:9 000 | ||
| 264 | 1 | |a Warszawa |a Wrocław |b Państwowe Przedsiębiorstwo Wydawnictw Kartograficznych im. Eugeniusza Romera |c 1988 | |
| 300 | |a 3 Karten auf 1 Blatt |b farbig |c 44 x 26 cm und kleiner, auf Blatt 81 x 58 cm, gefaltet 21 x 12 cm | ||
| 336 | |a kartografisches Bild |b cri |2 rdacontent | ||
| 337 | |a ohne Hilfsmittel zu benutzen |b n |2 rdamedia | ||
| 338 | |a Blatt |b nb |2 rdacarrier | ||
| 500 | |a Nr. katal. 33-046-05 | ||
| 500 | |a Enthält 2 Nebenkarten: Kudowa Słone, circa 1:24 000, 9 x13 cm; [Okolice Kłodzka],1:500 000, 12 x 13 cm | ||
| 500 | |a Mit touristischen Informationen und Straßenverzeichnissen auf der Rückseite | ||
| 546 | |a Legende in Polnisch, Englisch, Tschechisch, Deutsch und Russisch | ||
| 651 | 7 | |a Kudowa Zdrój |0 (DE-588)1096779-5 |0 (DE-603)042323339 |2 gnd | |
| 651 | 7 | |a Duszniki Zdrój |0 (DE-588)4103654-2 |0 (DE-603)085303801 |2 gnd | |
| 651 | 7 | |a Polanica-Zdrój |0 (DE-588)2066401-1 |0 (DE-603)043124577 |2 gnd | |
| 655 | 7 | |a Stadtplan |2 gnd-content |0 (DE-588)4129845-7 |0 (DE-603)085456683 | |
| 655 | 7 | |a Karte |2 gnd-content |0 (DE-588)4029783-4 |0 (DE-603)085078743 | |
| 700 | 1 | |a Kajoch, Andrzej |e Mitwirkender |4 ctb |0 (DE-603)138725039 | |
| 700 | 1 | |a Sołoduszkiewicz, Barbara |e Mitwirkender |4 ctb |0 (DE-603)138948348 | |
| 924 | 0 | |9 Mb 50 |a (DE-603)1147770379 |b DE-Mb50 |c HES |d d |g K 14 VIII K 57 | |


